00639nam a2200193Ia 4500952013500000999001500135003000400150005001700154008004100171020001500212040000900227082001800236100003000254245005100284260004800335300000900383650001100392942004200403 00102ddc40708BOTANYaMESbMEScBOTANYd2019-02-20g125.00l0o632.32 MIS/Bp30422r2019-02-20 00:00:00w2019-02-20yBKzGL19R6 c1636d1636OSt20200930124040.0190216s9999||||xx |||||||||||||| ||und|| a8171417493 coclc a632.32bMIS/B aMishra, Shubhrata R94845 0aBacterial Plant Diseases /cShubhrata R Mishra bDiscovery Publishing House, aDelhi:c2004. a217p aBotany cBK2ddch632.32iMIS/Bk632.32mMIS/B